000 00792cam a22002411 4500
001 ne 68000917
003 DLC
005 20260227111839.0
008 710901r19661882le d 00000 eng
010 _ane 68000917 //r832
025 _aPL480: UAR-8325
041 0 _aengara
050 0 _aPJ6640
_b.S7 1966
082 _a492/.7/321
100 1 0 _a[Steingass, Francis Joseph]
_d1825-1903.
240 1 0 _aEnglish-Arabic dictionary
245 1 2 _aA learner's English-Arabic dictionary.
260 0 _aBeirut,
_bLibrairie du Liban
_c[1966]
300 _a466 p.
_c23 cm.
350 _a£L25.00
500 _aReprint of the F. J. Steingass' English-Arabic dictionary; for the use of both travellers and students, published in London, 1882.
650 0 _aEnglish language
_xDictionaries
_xArabic.
999 _c50194
_d50194